000 00575nam a22001817a 4500
005 20231108084207.0
008 231108b |||||||| |||| 00| 0 eng d
020 _a0702159220
041 _aEnglish
082 _a346.3 VIS
100 _aVisser, PJ and Potgieter, JM
_lEnglish
245 _aLaw of Damages through the Cases /
_cPJ Visser and Jm Potgieter
250 _aThird Edition
260 _aCape Town :
_bJuta and Company Ltd,
_c2004
300 _bxxix, 652 pages ;
_c25,5 cm.
650 _aLegal practice
_bLaw
942 _cBK
_6ALISON_BN_VRIES
999 _c404
_d404